00880nam a22002417a 4500999001900000005001700019010001500036020001200051035001400063037001300077082001300090100003100103245010800134250001200242260003100254270008400285300002900369500002000398500004200418700002900460942002700489952012200516 c143653d14365320230406135522.0 aENG-119920 c1595.00 aEN-103452 bDBAD/PUB a342.5406 aBanerjee, Bhagabati Prosad aJudicial control of administrative action /cby Bhagabati Prosad Banerjee [and] Bhaskar Prosad Banerjee a2nd ed. aGurgaonbLexis Nexisc2012 a14th floor, Building No 10, Tower-B, DLF Cyber City, Phase-II,bGurgaone122002 acxcvii,1451p. c25cm(Hb) a Includes index aIncludes the price list November 2011 aBanerjee, Bhaskar Prosad 2ddccENh342.5406mBAN 001040708REFaLbLd2017-08-22eDBAD/PUBg1595.00l0o342.5406 BANpEN-103452r2017-08-22 00:00:00t1v1595.00yEN